| 000 | 01718nmm a22002537a 4500 | ||
|---|---|---|---|
| 008 | 230929e20230929xxk|||||o||d| 00| 0 eng d | ||
| 041 | _aeng | ||
| 110 | _aRoyal Institution of Chartered Surveyors | ||
| 245 |
_aEmpowering a sustainable future: _bFrom streets, to structures, to skyscrapers: Surveying our future priorities for the next government _h[Electronic resource] |
||
| 260 |
_aLondon, _bRoyal Institution of Chartered Surveyors, _c29 September 2023 |
||
| 300 | _a24p. | ||
| 490 | _aRICS UK Manifesto | ||
| 520 | _aThe Royal Institution of Chartered Surveyors (RICS) has launched its manifesto for the built environment in the lead-up to the next UK General Election. Key asks within the manifesto include: Increase supply of rented homes to meet demand and slow rent rises Deliver a joined-up quality and sustainability strategy Review skills shortages to tackle targets Hit housing targets with a housing delivery strategy Action the recommendations from the recent RICS Decarbonising UK Real Estate that call for reform to how building performance and EPCs are presented. Develop the much-needed National Fire Strategy as called on by industry to raise competency, standards and mitigation. This must include the UN-endorsed International Fire Safety Standards (IFSS) Common Principles. | ||
| 650 | _aDECARBONISATION | ||
| 650 | _aFIRE SAFETY | ||
| 650 | _aHOUSING | ||
| 650 | _aPOLICY | ||
| 650 | _aSUSTAINABILITY | ||
| 651 | _aUnited Kingdom | ||
| 690 |
_96307 _aBuilt Environment |
||
| 710 | _aRoyal Institution of Chartered Surveyors | ||
| 856 |
_uhttps://www.rics.org/content/dam/ricsglobal/documents/latest-news/RICS-Manifesto.pdf _zAvailable free on RICS.org |
||
| 942 | _n0 | ||
| 999 |
_c121672 _d121672 |
||